| 000 | 00536nam a2200181Ia 4500 | ||
|---|---|---|---|
| 008 | 100917s9999 xx 000 0 und d | ||
| 082 | _b21273 | ||
| 100 | _aअश्मसार उर्फ देशपांडे धा. वि. | ||
| 245 | _aनिवडक अश्मसार | ||
| 260 |
_b--- _c1972 |
||
| 300 | _a279 | ||
| 365 | _b15 | ||
| 520 | _aनिबंध | ||
| 630 | _aनिवडक अश्मसार | ||
| 650 | _aनिबंध | ||
| 730 | _aनिवडक अश्मसार | ||
| 942 | _cBOOK | ||
| 999 |
_c626667 _d626664 |
||